000 00319nam a2200169Ia 4500
100 _aMele/Antonio
650 _adjango
942 _cBK
366 _f20
654 _adjango
245 _aDjango by example
260 _bPACKT
_c2015
082 _a4.65
_bMEL
300 _a445
546 _aENGLISH
999 _c31319
_d31319